| 000 | 006510000a22002170004500 | ||
|---|---|---|---|
| 003 | LK-CoMWRAF | ||
| 005 | 20231106155852.0 | ||
| 008 | 230817t1998 ||||| |||| 00| 0 eng d | ||
| 020 | _a812060430X | ||
| 040 |
_aLK-CoMWRAF _dLK-CoMWRAF _eLK-CoMWRAF |
||
| 041 | _aeng | ||
| 082 |
_a954.93 _bCUL |
||
| 245 | _aCūlavaṃsa, being the more recent part of the Mahāvaṃsa. | ||
| 260 |
_aNew Delhi: _bAsian educational services, _c1998 |
||
| 300 | _axlii, 362 p. | ||
| 650 | _aBuddhism -- Sri Lanka -- History - | ||
| 650 | _a Sri Lanka -- History - Poetry | ||
| 700 |
_aGeiger, Wilhelm _etrans. |
||
| 700 |
_aRickmers, Mabel C. _etrans. |
||
| 942 | _cBK | ||
| 999 |
_c742 _d742 |
||